000
00259nam a22001217a 4500
008
180921b xxu||||| |||| 00| 0 eng d
041
_a
eng
080
_a
316
100
_a
50
101
_a
SOC
245
_a
Anatomy of the Law
_c
Fuller, L.L
942
_2
udc
_c
BK
999
_c
48212
_d
48212